[Event "American Continental 10th"]
[Site "Praia da Pipa"]
[Date "2014.10.26"]
[Round "11"]
[White "Ortiz Suarez, Isan Reynaldo"]
[Black "Delgado Ramirez, Neuris"]
[Result "1-0"]
[WhiteElo "2611"]
[BlackElo "2607"]
[PlyCount "105"]
[EventDate "2014.10.18"]
[EventType "swiss"]
[EventRounds "11"]
[EventCountry "BRA"]
[SourceTitle "EXT 2015"]
[Source "ChessBase"]
[SourceDate "2014.11.20"]
[SourceVersion "1"]
[SourceVersionDate "2014.11.20"]
[SourceQuality "1"]

1. e4 c5 2. Nf3 d6 3. d4 cxd4 4. Nxd4 Nf6 5. Nc3 a6 6. Bg5 Nbd7 7. Bc4 Qb6 8.
Bb3 e6 9. Qd2 Be7 10. O-O-O Nc5 11. f3 Qc7 12. g4 b5 13. h4 Bd7 14. Kb1 Rb8 15.
Nf5 exf5 16. Bxf6 Bxf6 17. Nd5 Qd8 18. exf5 O-O 19. g5 Be5 20. f4 Nxb3 21. axb3
Bxf5 22. fxe5 Rc8 23. Ne3 Be4 24. Rh2 d5 25. Qd4 Qc7 26. Nxd5 Bxd5 27. Qxd5
Rcd8 28. Qh1 Qxe5 29. Re1 Qd5 30. Qxd5 Rxd5 31. c4 Rc5 32. Re4 Rfc8 33. Rd2 g6
34. Rdd4 Kg7 35. Kc2 h6 36. gxh6+ Kxh6 37. Kc3 f5 38. Re6 R5c6 39. Rxc6 Rxc6
40. Rf4 g5 41. Rxf5 gxh4 42. Kb4 Kg6 43. Rd5 Rf6 44. c5 h3 45. Rd3 Rf4+ 46. Ka5
Rh4 47. Rd1 h2 48. Rh1 Kf5 49. c6 Rh6 50. Kb6 Ke5 51. Kb7 Kd6 52. c7 Rh7 53.
Kb6 1-0

[Event "PAR-ch"]
[Site "Asuncion"]
[Date "2014.12.10"]
[Round "1"]
[White "Delgado Ramirez, Neuris"]
[Black "Vargas, Gabriela"]
[Result "1-0"]
[WhiteElo "2604"]
[BlackElo "2134"]
[PlyCount "187"]
[EventDate "2014.12.10"]
[EventType "tourn"]
[EventRounds "11"]
[EventCountry "PAR"]
[EventCategory "3"]
[SourceTitle "EXT 2016"]
[Source "ChessBase"]
[SourceDate "2015.10.08"]
[SourceVersion "1"]
[SourceVersionDate "2015.10.08"]
[SourceQuality "1"]

1. e4 d5 2. exd5 Qxd5 3. Nf3 Nf6 4. d4 Bg4 5. Be2 c6 6. c4 Qa5+ 7. Nc3 e6 8.
Bd2 Nbd7 9. O-O Qd8 10. h3 Bh5 11. Ne5 Bxe2 12. Qxe2 Be7 13. Rfe1 O-O 14. Rad1
Re8 15. Bf4 Bb4 16. Rd3 Qc8 17. Red1 Nf8 18. Bg5 Be7 19. Bxf6 Bxf6 20. Ne4 Be7
21. Qh5 Ng6 22. Rf3 Rf8 23. Rdd3 Qe8 24. Nxg6 hxg6 25. Qe5 Qb8 26. g3 Rd8 27.
Qa5 b6 28. Qd2 f5 29. Nc3 e5 30. dxe5 Qxe5 31. Rfe3 Rxd3 32. Qxd3 Qd6 33. Ne2
Qxd3 34. Rxd3 Bf6 35. b3 c5 36. Rd7 g5 37. g4 fxg4 38. hxg4 a5 39. a4 Rd8 40.
Rxd8+ Bxd8 41. Kg2 Kf7 42. Kf3 Ke6 43. Ke4 Bc7 44. Nc3 Bd8 45. Nd5 g6 46. f4
gxf4 47. Kxf4 Kd6 48. g5 Ke6 49. Kg4 Kf7 50. Ne3 Ke6 51. Ng2 Bc7 52. Nh4 Kf7
53. Kf3 Bd8 54. Kf4 Be7 55. Nf3 Ke6 56. Ke4 Bd8 57. Ne5 Bxg5 58. Nxg6 Bh6 59.
Ne5 Bg7 60. Nc6 Bf6 61. Na7 Be5 62. Nb5 Bb8 63. Nc3 Bc7 64. Nd5 Bd8 65. Kf4 Kd7
66. Ke5 Bc7+ 67. Kf6 Bd8+ 68. Kf7 Bc7 69. Nf6+ Kc6 70. Ke8 Bg3 71. Nd5 Bh4 72.
Ne3 Bg5 73. Nf5 Bf6 74. Kf7 Bd8 75. Ke6 Bg5 76. Nd6 Bd8 77. Nf7 Bh4 78. Ne5+
Kc7 79. Kd5 Bf6 80. Ng4 Bh4 81. Ke6 Bg5 82. Ne5 Bd8 83. Nf3 Kc6 84. Kf7 Kd7 85.
Ne5+ Kc7 86. Ke8 Bf6 87. Ng6 Bg5 88. Ne7 Bxe7 89. Kxe7 Kb8 90. Kd8 Kb7 91. Kd7
Ka8 92. Kc6 Ka7 93. Kc7 Ka6 94. Kb8 1-0

[Event "PAR-ch"]
[Site "Asuncion"]
[Date "2014.12.11"]
[Round "2"]
[White "Valiente, Cristobal"]
[Black "Delgado Ramirez, Neuris"]
[Result "0-1"]
[WhiteElo "2233"]
[BlackElo "2604"]
[PlyCount "118"]
[EventDate "2014.12.10"]
[EventType "tourn"]
[EventRounds "11"]
[EventCountry "PAR"]
[EventCategory "3"]
[SourceTitle "EXT 2016"]
[Source "ChessBase"]
[SourceDate "2015.10.08"]
[SourceVersion "1"]
[SourceVersionDate "2015.10.08"]
[SourceQuality "1"]

1. Nf3 Nf6 2. c4 e6 3. g3 a6 4. Bg2 b5 5. b3 Bb7 6. O-O c5 7. d3 d6 8. Nbd2 Be7
9. Bb2 O-O 10. e4 Nc6 11. Re1 Qb6 12. a3 Nd7 13. Rb1 Bf6 14. Bxf6 Nxf6 15. b4
cxb4 16. axb4 Nd7 17. Qe2 Nde5 18. Nxe5 dxe5 19. Nf3 Rfd8 20. Red1 Rd7 21. Rdc1
Rad8 22. Rb3 h6 23. h3 Rc8 24. Qb2 bxc4 25. Rxc4 f6 26. h4 Rcd8 27. Bf1 Na7 28.
Qa2 Bc6 29. Ra3 Bb5 30. Rcc3 Qd6 31. Rc5 Nc6 32. Qb3 Kh7 33. Qc3 Nd4 34. Nxd4
Qxd4 35. Qb3 Qd6 36. Qb1 Qe7 37. Rac3 Rd4 38. Qb3 Qd6 39. Kh2 Rb8 40. Qa3 f5
41. exf5 exf5 42. Qb3 Bd7 43. Qf7 Rf8 44. Qa2 f4 45. Bg2 f3 46. Bf1 Rxh4+ 47.
Kg1 Rd4 48. R3c4 Be6 49. Rxd4 exd4 50. Qc2 Re8 51. b5 axb5 52. Rxb5 Qd7 53. Qc5
Rc8 54. Qe5 Bf7 55. Qf5+ Qxf5 56. Rxf5 Be6 57. Re5 Bg4 58. Re1 Rc2 59. Ra1 Rd2
0-1

[Event "PAR-ch"]
[Site "Asuncion"]
[Date "2014.12.12"]
[Round "3"]
[White "Delgado Ramirez, Neuris"]
[Black "Franco Ocampos, Zenon"]
[Result "1/2-1/2"]
[WhiteElo "2604"]
[BlackElo "2490"]
[PlyCount "118"]
[EventDate "2014.12.10"]
[EventType "tourn"]
[EventRounds "11"]
[EventCountry "PAR"]
[EventCategory "3"]
[SourceTitle "EXT 2016"]
[Source "ChessBase"]
[SourceDate "2015.10.08"]
[SourceVersion "1"]
[SourceVersionDate "2015.10.08"]
[SourceQuality "1"]

1. e4 c5 2. Nf3 Nc6 3. Nc3 g6 4. Bb5 Bg7 5. Bxc6 dxc6 6. h3 Nf6 7. d3 Nd7 8.
Be3 e5 9. a3 Qe7 10. Qd2 h6 11. O-O Nf8 12. b4 Ne6 13. Na4 b6 14. Nh2 f5 15.
exf5 gxf5 16. f3 f4 17. Bf2 e4 18. fxe4 Bxa1 19. Rxa1 Rg8 20. Rf1 Qg7 21. Bh4
Nd4 22. Rxf4 Bxh3 23. Rf2 Kd7 24. Bf6 Qg6 25. e5 cxb4 26. axb4 Kc7 27. Nc3 a5
28. b5 Nxb5 29. Nxb5+ cxb5 30. d4 Bxg2 31. Rxg2 Qxg2+ 32. Qxg2 Rxg2+ 33. Kxg2
Kc6 34. Ng4 Kd5 35. Kf3 Kxd4 36. Ne3 Rf8 37. Kf4 a4 38. c3+ Kd3 39. Nd5 a3 40.
Kf5 Kc4 41. Nxb6+ Kb3 42. Nd7 Ra8 43. e6 a2 44. c4 bxc4 45. Ba1 c3 46. Ne5 h5
47. Nd3 h4 48. Kg4 Ra4+ 49. Kf3 Kc2 50. e7 Ra8 51. Nb4+ Kb3 52. Nxa2 Kxa2 53.
Bxc3 Rg8 54. Be5 Kb3 55. Kf4 Kc4 56. Kf5 Kd5 57. Kf6 Re8 58. Bh2 Kc6 59. Ke6 h3
1/2-1/2

[Event "PAR-ch"]
[Site "Asuncion"]
[Date "2014.12.13"]
[Round "4"]
[White "Delgado Ramirez, Neuris"]
[Black "Bachmann, Axel"]
[Result "1/2-1/2"]
[WhiteElo "2604"]
[BlackElo "2628"]
[PlyCount "63"]
[EventDate "2014.12.10"]
[EventType "tourn"]
[EventRounds "11"]
[EventCountry "PAR"]
[EventCategory "3"]
[SourceTitle "EXT 2016"]
[Source "ChessBase"]
[SourceDate "2015.10.08"]
[SourceVersion "1"]
[SourceVersionDate "2015.10.08"]
[SourceQuality "1"]

1. e4 e5 2. Nf3 Nc6 3. Bb5 a6 4. Ba4 Nf6 5. d3 d6 6. c4 Be7 7. h3 O-O 8. O-O
Nd7 9. Be3 Bf6 10. Nc3 Nd4 11. b4 c6 12. Bxd4 exd4 13. Ne2 b5 14. Bb3 Qb6 15.
Rb1 g6 16. Qc1 Bg7 17. a4 Ne5 18. Nxe5 dxe5 19. f4 Bh6 20. Qe1 exf4 21. Qh4 Kg7
22. Nxf4 Qd8 23. Qf2 bxc4 24. Bxc4 Qd6 25. Qg3 Kg8 26. Rf3 Ra7 27. Rbf1 Bg7 28.
h4 Qe5 29. Qh2 Qd6 30. Qg3 Qe5 31. Qf2 Bh6 32. Qg3 1/2-1/2

[Event "PAR-ch"]
[Site "Asuncion"]
[Date "2014.12.14"]
[Round "5"]
[White "Butti, Enrique"]
[Black "Delgado Ramirez, Neuris"]
[Result "0-1"]
[WhiteElo "2071"]
[BlackElo "2604"]
[PlyCount "96"]
[EventDate "2014.12.10"]
[EventType "tourn"]
[EventRounds "11"]
[EventCountry "PAR"]
[EventCategory "3"]
[SourceTitle "EXT 2016"]
[Source "ChessBase"]
[SourceDate "2015.10.08"]
[SourceVersion "1"]
[SourceVersionDate "2015.10.08"]
[SourceQuality "1"]

1. d4 Nf6 2. c4 e6 3. Nf3 b6 4. e3 Bb7 5. Bd3 c5 6. O-O Be7 7. b3 cxd4 8. exd4
d5 9. Bb2 Nc6 10. Nbd2 O-O 11. a3 Rc8 12. Rc1 Re8 13. Re1 Bf8 14. c5 a5 15. Bb5
Nd7 16. Bxc6 Bxc6 17. b4 Qc7 18. Qe2 bxc5 19. dxc5 Rb8 20. Bc3 e5 21. Nb3 d4
22. Bd2 Bb5 23. Qe4 axb4 24. axb4 Nf6 25. Qf5 Bd7 26. Qb1 g6 27. Qa1 Ra8 28.
Na5 Bb5 29. Qa2 Bg7 30. h3 h6 31. c6 Bf8 32. Qb3 Rad8 33. Qb2 Rd5 34. Nc4 Bxc4
35. Rxc4 Rb5 36. Ra1 Nd5 37. Qa3 Qd6 38. Qa6 Nc7 39. Qa7 Rbb8 40. Qa2 Bg7 41.
Rd1 Rb5 42. h4 Rd5 43. g3 Ne6 44. Rdc1 e4 45. Nh2 e3 46. Be1 d3 47. fxe3 d2 48.
b5 dxc1=Q 0-1

[Event "PAR-ch"]
[Site "Asuncion"]
[Date "2014.12.15"]
[Round "7"]
[White "Almiron, Antonio"]
[Black "Delgado Ramirez, Neuris"]
[Result "1/2-1/2"]
[WhiteElo "2255"]
[BlackElo "2604"]
[PlyCount "27"]
[EventDate "2014.12.10"]
[EventType "tourn"]
[EventRounds "11"]
[EventCountry "PAR"]
[EventCategory "3"]
[SourceTitle "EXT 2016"]
[Source "ChessBase"]
[SourceDate "2015.10.08"]
[SourceVersion "1"]
[SourceVersionDate "2015.10.08"]
[SourceQuality "1"]

1. e4 c5 2. Nf3 d6 3. d4 cxd4 4. Nxd4 Nf6 5. Nc3 Nc6 6. Bc4 e6 7. Bb3 Bd7 8. f4
Be7 9. O-O O-O 10. Kh1 Qc7 11. f5 Nxd4 12. Qxd4 Ng4 13. Bf4 a6 14. Rad1 1/2-1/2

[Event "PAR-ch"]
[Site "Asuncion"]
[Date "2014.12.16"]
[Round "8"]
[White "Delgado Ramirez, Neuris"]
[Black "Jodorcovsky Werjivker, Paulo"]
[Result "1-0"]
[WhiteElo "2604"]
[BlackElo "2203"]
[PlyCount "123"]
[EventDate "2014.12.10"]
[EventType "tourn"]
[EventRounds "11"]
[EventCountry "PAR"]
[EventCategory "3"]
[SourceTitle "EXT 2016"]
[Source "ChessBase"]
[SourceDate "2015.10.08"]
[SourceVersion "1"]
[SourceVersionDate "2015.10.08"]
[SourceQuality "1"]

1. e4 c5 2. Nf3 e6 3. d4 cxd4 4. Nxd4 a6 5. Bd3 Bc5 6. c3 d6 7. Qg4 Nf6 8. Qg3
Nc6 9. Nxc6 bxc6 10. O-O e5 11. Nd2 Nh5 12. Qf3 Qh4 13. g3 Qh3 14. Nb3 Bg4 15.
Qg2 Bb6 16. c4 Nf6 17. c5 Bxc5 18. Nxc5 dxc5 19. f3 Qxg2+ 20. Kxg2 Be6 21. b3
Nd7 22. Be3 a5 23. Rfc1 a4 24. bxa4 Rxa4 25. a3 c4 26. Bc2 Ra8 27. a4 O-O 28.
Rcb1 Rfb8 29. Kf2 c3 30. Rxb8+ Nxb8 31. Ra3 Na6 32. Rxc3 Nb4 33. Bd1 Rd8 34.
Ke2 Bc8 35. Bb3 Ba6+ 36. Bc4 Na2 37. Rc2 Nb4 38. Rc1 Na2 39. Bxa6 Nxc1+ 40.
Bxc1 Ra8 41. Bb7 Rxa4 42. Bd2 Ra1 43. Bxc6 Rh1 44. h4 h5 45. Bd5 Rh2+ 46. Ke3
Rg2 47. Be1 Rc2 48. Bd2 Kf8 49. Kd3 Rc7 50. Bb4+ Ke8 51. Bd6 Rc1 52. Bxe5 f6
53. Bd4 Ke7 54. Ke3 g5 55. hxg5 fxg5 56. f4 h4 57. gxh4 gxh4 58. f5 h3 59. Be5
Rc2 60. f6+ Kd7 61. f7 Rc8 62. Kf3 1-0

[Event "PAR-ch"]
[Site "Asuncion"]
[Date "2014.12.17"]
[Round "9"]
[White "Cubas, Jose Fernando"]
[Black "Delgado Ramirez, Neuris"]
[Result "0-1"]
[WhiteElo "2459"]
[BlackElo "2604"]
[PlyCount "82"]
[EventDate "2014.12.10"]
[EventType "tourn"]
[EventRounds "11"]
[EventCountry "PAR"]
[EventCategory "3"]
[SourceTitle "EXT 2016"]
[Source "ChessBase"]
[SourceDate "2015.10.08"]
[SourceVersion "1"]
[SourceVersionDate "2015.10.08"]
[SourceQuality "1"]

1. e4 c5 2. Nf3 d6 3. d4 cxd4 4. Nxd4 Nf6 5. Nc3 a6 6. Be3 e5 7. Nf3 Be6 8. a4
h6 9. a5 Nbd7 10. Be2 Rc8 11. Nd2 Be7 12. O-O O-O 13. Bf3 Ne8 14. Qe2 Bg5 15.
Rfd1 Bxe3 16. Qxe3 Nef6 17. Nf1 Rc6 18. Ng3 Qc7 19. Rd3 Rc5 20. Rad1 Qxa5 21.
Rxd6 Qb4 22. Nh5 Nxh5 23. Bxh5 Rc7 24. Qc1 Nf6 25. Bf3 a5 26. h3 a4 27. R6d3 b5
28. Nd5 Bxd5 29. exd5 Qd6 30. Re1 Nd7 31. Qd2 b4 32. c3 f5 33. Rde3 Rfc8 34. g4
f4 35. Rd3 a3 36. cxb4 Rc2 37. Qd1 axb2 38. Rb3 Rc1 39. Rxb2 Rxd1 40. Rxd1 Rc3
41. Kg2 Nf6 0-1

[Event "PAR-ch"]
[Site "Asuncion"]
[Date "2014.12.18"]
[Round "10"]
[White "Delgado Ramirez, Neuris"]
[Black "Kropff, Ricardo"]
[Result "1-0"]
[WhiteElo "2604"]
[BlackElo "2174"]
[PlyCount "73"]
[EventDate "2014.12.10"]
[EventType "tourn"]
[EventRounds "11"]
[EventCountry "PAR"]
[EventCategory "3"]
[SourceTitle "EXT 2016"]
[Source "ChessBase"]
[SourceDate "2015.10.08"]
[SourceVersion "1"]
[SourceVersionDate "2015.10.08"]
[SourceQuality "1"]

1. e4 c6 2. d4 d5 3. e5 Bf5 4. Nf3 e6 5. Be2 Nd7 6. Nbd2 h6 7. O-O Ne7 8. Nb3
g5 9. Ne1 Bg7 10. Nd3 O-O 11. f4 f6 12. exf6 Bxf6 13. c3 Ng6 14. Bg4 Bg7 15.
fxg5 hxg5 16. Bxf5 exf5 17. Qh5 Nf4 18. Bxf4 gxf4 19. Nxf4 Qe8 20. Rae1 Qxh5
21. Nxh5 Rf7 22. Nc1 Bh6 23. Nd3 Raf8 24. Re6 Kh7 25. g3 Rg8 26. Kg2 Rg5 27.
Nhf4 Rgg7 28. Ne5 Nxe5 29. Rxe5 Bxf4 30. Rxf4 Kg6 31. Re2 Rf6 32. Ref2 Rgf7 33.
h3 Rf8 34. g4 fxg4 35. Rxf6+ Rxf6 36. Rxf6+ Kxf6 37. hxg4 1-0

[Event "PAR-ch+"]
[Site "Asuncion"]
[Date "2014.12.14"]
[Round "6"]
[White "Delgado Ramirez, Neuris"]
[Black "Curatola, Clemente"]
[Result "1-0"]
[WhiteElo "2604"]
[BlackElo "2068"]
[PlyCount "49"]
[EventDate "2014.12.10"]
[EventType "tourn"]
[EventRounds "11"]
[EventCountry "PAR"]
[EventCategory "3"]
[SourceTitle "EXT 2016"]
[Source "ChessBase"]
[SourceDate "2015.10.08"]
[SourceVersion "1"]
[SourceVersionDate "2015.10.08"]
[SourceQuality "1"]

1. e4 c6 2. d4 d5 3. e5 Na6 4. c3 Nc7 5. Bd3 g6 6. h4 h5 7. Ne2 Nh6 8. Ng3 Nf5
9. Bxf5 Bxf5 10. Nxf5 gxf5 11. Nd2 Qd7 12. Nf1 Bh6 13. Bxh6 Rxh6 14. Qf3 O-O-O
15. Ng3 c5 16. Qxf5 Ne6 17. dxc5 Nxc5 18. O-O-O e6 19. Qf4 Rg6 20. Nxh5 Qb5 21.
Qf3 Rd7 22. Nf4 Rc7 23. Nxg6 Na4 24. Rd2 d4 25. Qd3 1-0

[Event "Antofagasta Zicosur"]
[Site "Antofagasta"]
[Date "2015.01.06"]
[Round "2"]
[White "Delgado Ramirez, Neuris"]
[Black "Rodriguez Vila, Andres"]
[Result "1-0"]
[WhiteElo "2604"]
[BlackElo "2444"]
[PlyCount "141"]
[EventDate "2015.01.05"]
[EventType "swiss"]
[EventRounds "10"]
[EventCountry "CHI"]
[SourceTitle "CBM 164 Extra"]
[Source "ChessBase"]
[SourceDate "2015.03.02"]
[SourceVersion "1"]
[SourceVersionDate "2015.03.02"]
[SourceQuality "1"]

1. e4 c5 2. Nf3 g6 3. c3 Bg7 4. Bc4 e6 5. d4 cxd4 6. Nxd4 a6 7. O-O Ne7 8. Bg5
Qc7 9. Nd2 Nbc6 10. Bb3 O-O 11. Nxc6 dxc6 12. Nc4 b5 13. Qd6 Ra7 14. Qxc7 Rxc7
15. Nd6 c5 16. Nxc8 Rfxc8 17. Rab1 Nc6 18. Bd1 b4 19. Be2 a5 20. Rfc1 Rb8 21.
cxb4 Nxb4 22. Bf4 e5 23. Bd2 Nxa2 24. Rc4 Nb4 25. Ra1 Nc6 26. Bc3 Nd4 27. Bd1
Nb5 28. Bxa5 Ra7 29. Rca4 Bh6 30. Kf1 Rd7 31. Be2 Nd4 32. Bc3 Nxe2 33. Kxe2 f6
34. Ra7 Rxa7 35. Rxa7 Bc1 36. Ra2 Rb7 37. Kd3 Bh6 38. Kc4 Bf8 39. Ra6 Be7 40.
g3 g5 41. Kd3 Kf7 42. Ke2 Rd7 43. Kf3 h5 44. h3 Rd3+ 45. Ke2 Rd8 46. Ra1 Ke6
47. Rh1 f5 48. exf5+ Kxf5 49. f3 Bf6 50. g4+ hxg4 51. hxg4+ Ke6 52. Ra1 Rd6 53.
Ke3 Kd5 54. Ra5 Rc6 55. Kd3 Bd8 56. Ra8 c4+ 57. Ke2 Be7 58. Ra7 Bd8 59. Rg7 Bf6
60. Rg6 Ke6 61. Rh6 Rb6 62. f4 gxf4 63. g5 Kf5 64. gxf6 Rxf6 65. Rh5+ Kg4 66.
Rxe5 Rh6 67. Re4 Rh2+ 68. Kd1 Rh1+ 69. Be1 Rh2 70. Bd2 Rh1+ 71. Kc2 1-0

[Event "Antofagasta Zicosur"]
[Site "Antofagasta"]
[Date "2015.01.06"]
[Round "3"]
[White "Borgeaud Fuentes, Oscar"]
[Black "Delgado Ramirez, Neuris"]
[Result "0-1"]
[WhiteElo "1897"]
[BlackElo "2604"]
[PlyCount "86"]
[EventDate "2015.01.05"]
[EventType "swiss"]
[EventRounds "10"]
[EventCountry "CHI"]
[SourceTitle "CBM 164 Extra"]
[Source "ChessBase"]
[SourceDate "2015.03.02"]
[SourceVersion "1"]
[SourceVersionDate "2015.03.02"]
[SourceQuality "1"]

1. d4 Nf6 2. c4 e6 3. Nf3 b6 4. g3 Ba6 5. b3 b5 6. cxb5 Bxb5 7. Ba3 d6 8. Bg2
Nbd7 9. O-O Rc8 10. Nc3 Ba6 11. Na4 Be7 12. Rc1 O-O 13. Re1 Nb6 14. Nb2 Bb7 15.
Nd3 a5 16. Bb2 a4 17. Nd2 Bxg2 18. Kxg2 Qd7 19. Nc4 Qb5 20. e3 Nfd7 21. Na3 Qa6
22. b4 Qb7+ 23. Kg1 Nf6 24. Qe2 Ne4 25. h4 Nd5 26. b5 Rce8 27. Rc6 Bd8 28. Qf3
f5 29. Rec1 Rf7 30. Qd1 Ne7 31. R6c2 Nd5 32. Rc6 g5 33. h5 Ne7 34. R6c4 g4 35.
Nf4 Ng5 36. d5 e5 37. Ne6 Nf3+ 38. Kf1 Nxd5 39. Nxd8 Rxd8 40. e4 fxe4 41. Rxe4
Nf6 42. Rxe5 Nxe5 43. Bxe5 Qh1+ 0-1

[Event "Antofagasta Zicosur"]
[Site "Antofagasta"]
[Date "2015.01.08"]
[Round "6"]
[White "Delgado Ramirez, Neuris"]
[Black "Felgaer, Ruben Alejandro"]
[Result "1/2-1/2"]
[WhiteElo "2604"]
[BlackElo "2575"]
[PlyCount "100"]
[EventDate "2015.01.05"]
[EventType "swiss"]
[EventRounds "10"]
[EventCountry "CHI"]
[SourceTitle "CBM 164 Extra"]
[Source "ChessBase"]
[SourceDate "2015.03.02"]
[SourceVersion "1"]
[SourceVersionDate "2015.03.02"]
[SourceQuality "1"]

1. e4 c5 2. b3 Nc6 3. Bb2 e6 4. Bb5 Nge7 5. Nf3 a6 6. Bxc6 Nxc6 7. O-O b5 8. d3
Bb7 9. c4 f6 10. Nh4 Kf7 11. f4 Be7 12. f5 e5 13. Nc3 Nd4 14. Nd5 Bd6 15. Bxd4
cxd4 16. Qh5+ Kg8 17. Qe2 Rb8 18. Rac1 Ba3 19. Rc2 bxc4 20. dxc4 Bxd5 21. exd5
Bc5 22. Kh1 Qe7 23. Qe4 a5 24. g4 Kf8 25. Nf3 Ke8 26. g5 Kd8 27. Re2 Re8 28.
Rd1 Kc7 29. Qh4 Qf7 30. Nd2 fxg5 31. Qxg5 d3 32. Re4 g6 33. f6 h6 34. Qh4 g5
35. Qg3 Qxf6 36. Qxd3 Qg6 37. Qc3 Bb4 38. Qe3 d6 39. Rg4 Bc5 40. Qe4 Qxe4+ 41.
Nxe4 Kb6 42. h4 Rf8 43. hxg5 hxg5 44. Kg2 Rf4 45. Rxf4 gxf4 46. Rh1 Rg8+ 47.
Kf3 Bb4 48. Rh6 Kc7 49. Rh7+ Kb6 50. Rh6 Kc7 1/2-1/2

[Event "Antofagasta Zicosur"]
[Site "Antofagasta"]
[Date "2015.01.11"]
[Round "10"]
[White "Delgado Ramirez, Neuris"]
[Black "Pichot, Alan"]
[Result "1/2-1/2"]
[WhiteElo "2604"]
[BlackElo "2480"]
[PlyCount "40"]
[EventDate "2015.01.05"]
[EventType "swiss"]
[EventRounds "10"]
[EventCountry "CHI"]
[SourceTitle "CBM 164 Extra"]
[Source "ChessBase"]
[SourceDate "2015.03.02"]
[SourceVersion "1"]
[SourceVersionDate "2015.03.02"]
[SourceQuality "1"]

1. e4 c5 2. b3 d6 3. Bb2 Nf6 4. Bb5+ Nbd7 5. Qe2 a6 6. Bxd7+ Bxd7 7. f4 e6 8.
Nc3 Bc6 9. Nf3 Be7 10. d4 b5 11. dxc5 b4 12. Na4 dxc5 13. Nd2 Qc7 14. O-O O-O
15. c4 Rad8 16. Rad1 Qb7 17. Bxf6 Bxf6 18. e5 Be7 19. Nf3 Rxd1 20. Rxd1 Rd8
1/2-1/2

[Event "Florianopolis op"]
[Site "Florianopolis"]
[Date "2015.01.14"]
[Round "1"]
[White "Serafim Junior, Arnor"]
[Black "Delgado Ramirez, Neuris"]
[Result "0-1"]
[WhiteElo "1816"]
[BlackElo "2604"]
[PlyCount "58"]
[EventDate "2015.01.14"]
[EventType "swiss"]
[EventRounds "10"]
[EventCountry "BRA"]
[SourceTitle "CBM 164 Extra"]
[Source "ChessBase"]
[SourceDate "2015.03.02"]
[SourceVersion "1"]
[SourceVersionDate "2015.03.02"]
[SourceQuality "1"]

1. Nf3 Nf6 2. c4 e6 3. g3 a6 4. Bg2 b5 5. O-O bxc4 6. Ne5 d5 7. Nxc4 Nbd7 8. d4
c6 9. Ncd2 c5 10. dxc5 Bxc5 11. Nb3 Bb6 12. Nc3 Bb7 13. Bg5 h6 14. Bd2 Bc6 15.
Rc1 Ne5 16. Bf4 Ng6 17. Qd2 O-O 18. Be3 Bc7 19. Rfd1 Re8 20. Bc5 Ne5 21. Nd4
Bb7 22. b3 Ba5 23. Qb2 h5 24. e4 Bxc3 25. Qxc3 Nxe4 26. Bxe4 dxe4 27. Nxe6 Qf6
28. Nc7 Red8 29. Nxa8 Rxd1+ 0-1

[Event "Florianopolis op"]
[Site "Florianopolis"]
[Date "2015.01.14"]
[Round "2"]
[White "Delgado Ramirez, Neuris"]
[Black "De Almeida, Heidy Jose Moreira"]
[Result "1-0"]
[WhiteElo "2604"]
[BlackElo "2014"]
[PlyCount "49"]
[EventDate "2015.01.14"]
[EventType "swiss"]
[EventRounds "10"]
[EventCountry "BRA"]
[SourceTitle "CBM 164 Extra"]
[Source "ChessBase"]
[SourceDate "2015.03.02"]
[SourceVersion "1"]
[SourceVersionDate "2015.03.02"]
[SourceQuality "1"]

1. e4 Nf6 2. e5 Nd5 3. d4 d6 4. c4 Nb6 5. exd6 exd6 6. h3 Be7 7. Nf3 O-O 8. Be2
Bf6 9. Nc3 Bf5 10. O-O Nc6 11. d5 Ne7 12. Nd4 Bd7 13. Qd3 g6 14. Ne4 Bg7 15.
Bg5 f6 16. Bd2 Re8 17. b3 Bf5 18. Nxf5 Nxf5 19. Rae1 Nd7 20. Bg4 Ne5 21. Qc3
Nxg4 22. hxg4 Nh4 23. Qg3 Rxe4 24. Rxe4 f5 25. Re6 1-0

[Event "Florianopolis op"]
[Site "Florianopolis"]
[Date "2015.01.15"]
[Round "3"]
[White "Born, Carlos Rodrigo"]
[Black "Delgado Ramirez, Neuris"]
[Result "0-1"]
[WhiteElo "2199"]
[BlackElo "2604"]
[PlyCount "74"]
[EventDate "2015.01.14"]
[EventType "swiss"]
[EventRounds "10"]
[EventCountry "BRA"]
[SourceTitle "CBM 164 Extra"]
[Source "ChessBase"]
[SourceDate "2015.03.02"]
[SourceVersion "1"]
[SourceVersionDate "2015.03.02"]
[SourceQuality "1"]

1. e4 c5 2. Nf3 g6 3. d4 cxd4 4. Nxd4 Bg7 5. c4 Nc6 6. Nxc6 bxc6 7. Qc2 d6 8.
Nc3 Nf6 9. Be2 Nd7 10. O-O Nc5 11. Rd1 Ne6 12. Be3 c5 13. Qd2 Rb8 14. Bg4 Nd4
15. Bxc8 Qxc8 16. f3 O-O 17. Rac1 f5 18. Kh1 Qe6 19. b3 Rf7 20. Bxd4 cxd4 21.
exf5 Qxf5 22. Nb5 Qh5 23. Qe2 Be5 24. g4 Qh6 25. Rc2 Rbf8 26. Rd3 Rf4 27. Nxa7
Qh3 28. Qg2 Qh4 29. Re2 Bg7 30. Nb5 h5 31. gxh5 Qxh5 32. Re4 Rxe4 33. fxe4 Be5
34. h3 Qh4 35. Rd1 Rf2 36. Qxg6+ Kh8 37. Kg1 Rf3 0-1

[Event "Florianopolis op"]
[Site "Florianopolis"]
[Date "2015.01.15"]
[Round "4"]
[White "Delgado Ramirez, Neuris"]
[Black "Pires, Marcos Vinicius Tor"]
[Result "1-0"]
[WhiteElo "2604"]
[BlackElo "2274"]
[PlyCount "143"]
[EventDate "2015.01.14"]
[EventType "swiss"]
[EventRounds "10"]
[EventCountry "BRA"]
[SourceTitle "CBM 164 Extra"]
[Source "ChessBase"]
[SourceDate "2015.03.02"]
[SourceVersion "1"]
[SourceVersionDate "2015.03.02"]
[SourceQuality "1"]

1. e4 e5 2. Nf3 Nc6 3. Bb5 a6 4. Ba4 Nf6 5. d3 d6 6. c4 Bd7 7. Nc3 Be7 8. O-O
O-O 9. h3 h6 10. Be3 Re8 11. Re1 Bf8 12. a3 Nb8 13. d4 exd4 14. Bxd4 Bxa4 15.
Qxa4 Nbd7 16. Rad1 Qc8 17. Qc2 c6 18. Re3 Qc7 19. Rde1 Ne5 20. Nd2 Nfd7 21. Ne2
Be7 22. Ng3 Bg5 23. R3e2 Nc5 24. Rf1 Ne6 25. Be3 Bxe3 26. Rxe3 Nf4 27. Nf5 Kh7
28. g3 Nh5 29. f4 Ng6 30. Qc3 Nf6 31. g4 Qd8 32. Qd4 d5 33. cxd5 cxd5 34. e5
Ne4 35. Nxe4 dxe4 36. Nd6 Re7 37. Rxe4 Rd7 38. Rd1 Qh4 39. Re3 Rad8 40. Qe4 Kg8
41. Red3 Ne7 42. Kg2 h5 43. e6 fxe6 44. Qxe6+ Kh7 45. Nf5 Rxd3 46. Rxd3 Nxf5
47. Qxf5+ Kg8 48. Qxh5 Qf6 49. Rxd8+ Qxd8 50. Qe5 Qd3 51. f5 Kh7 52. f6 Qd2+
53. Kg3 gxf6 54. Qxf6 Qe1+ 55. Qf2 Qe5+ 56. Kh4 Qe7+ 57. g5 Qe4+ 58. Kg3 Qe5+
59. Kg4 Qe4+ 60. Qf4 Qg2+ 61. Kh4 Qxb2 62. Qe4+ Kg7 63. Kh5 Qxa3 64. Qxb7+ Kf8
65. Qb8+ Ke7 66. Qe5+ Kd8 67. Qf5 Ke8 68. g6 Qc3 69. h4 a5 70. Kh6 Qe3+ 71. Qg5
Qxg5+ 72. hxg5 1-0